| 000 | 01142 a2200205 4500 | ||
|---|---|---|---|
| 003 | Nust | ||
| 005 | 20221122114717.0 | ||
| 020 | _a0-13-700510-5 (inb.) | ||
| 040 | _cNust | ||
| 082 | _a621.381,TOC | ||
| 100 | 1 |
_aTocci, Ronald J. _966452 |
|
| 245 | 0 | 0 |
_aDigital systems : _bprinciples and applications / _cRonald J. Tocci, Neal S. Widmer |
| 250 | _a7th ed. | ||
| 260 |
_aUpper Saddle River, N.J. : _bPrentice Hall, _ccop. 1997 |
||
| 300 |
_a898p _bill. ; _c24cm |
||
| 505 | _aIntroductory to Concepts (Page-2), Number Systems and Cods (Page-24), Logic Gates and Boolean Algebra (Page-56), Combinational Logic Circuits (Page-112), Flip Flops and Related Devices (Page-180), Digital Arithmetic :Operations and Circuits (Page-262), Counters and Register (Page-318), Integrated Circuits Logic Families (Page-414), MSI Logic Circuits (Page-510), Interfacing with the Analog World (Page-602), Memory Devices (Page-670), Application of a Programmable Logic Devices (Page-772), Introduction to the Microprocessor and Microcomputers (Page-804). | ||
| 650 | 7 | _aTelecommunication Engineering | |
| 700 | 1 |
_aWidmer, Neal S. _9103326 |
|
| 942 |
_2ddc _cBK |
||
| 999 |
_c197108 _d197108 |
||